Online
Catalog

Barrio, comparsa y carnaval santiaguero / (Record no. 6164)

MARC details
000 -CABECERA
campo de control de longitud fija 01445nam a2200349 i 4500
001 - NÚMERO DE CONTROL
campo de control 000006369
003 - IDENTIFICADOR DEL NÚMERO DE CONTROL
campo de control DO-SdBNP
005 - FECHA Y HORA DE LA ÚLTIMA TRANSACCIÓN
campo de control 20250730151811.0
007 - CAMPO FIJO DE DESCRIPCIÓN FÍSICA--INFORMACIÓN GENERAL
campo de control de longitud fija ta
008 - DATOS DE LONGITUD FIJA--INFORMACIÓN GENERAL
campo de control de longitud fija 090828s1997 dr 000 0 spa d
040 ## - FUENTE DE LA CATALOGACIÓN
Centro catalogador/agencia de origen DO-SdBNP
Lengua de catalogación spa
Centro/agencia transcriptor BNPHU
Normas de descripción rda
041 ## - CÓDIGO DE LENGUA
Código de lengua del texto/banda sonora o título independiente spa
049 ## - FONDOS LOCALES (OCLC)
Fondos de biblioteca BNPD
082 #4 - NÚMERO DE LA CLASIFICACIÓN DECIMAL DEWEY
Número de clasificación 394.25729356
Número de documento/Ítem B276c
Número de edición 22
245 00 - MENCIÓN DE TÍTULO
Título Barrio, comparsa y carnaval santiaguero /
Mención de responsabilidad, etc. José Millet, Rafael Brea, Manuel Ruiz Vila ; prólogo, Marcio Veloz Maggiolo.
264 #4 - PRODUCCIÓN, PUBLICACIÓN, DISTRIBUCIÓN, FABRICACIÓN Y COPYRIGHT
Producción, publicación, distribución, fabricación y copyright Santo Domingo :
Nombre del de productor, editor, distribuidor, fabricante Ediciones Casa del Caribe :
-- Ediciones Casa Dominicana de Identidad Caribeña,
Fecha de producción, publicación, distribución, fabricación o copyright ©1997.
300 ## - DESCRIPCIÓN FÍSICA
Extensión 333 páginas :
Otras características físicas ilustraciones ;
Dimensiones 19 cm.
336 ## - TIPO DE CONTENIDO
Término de tipo de contenido texto
Código de tipo de contenido txt
Fuente rdacontent
337 ## - TIPO DE MEDIO
Nombre/término del tipo de medio sin mediación
Código del tipo de medio n
Fuente rdamedia
338 ## - TIPO DE SOPORTE
Nombre/término del tipo de soporte volumen
Código del tipo de soporte nc
Fuente rdacarrier
490 ## - MENCIÓN DE SERIE
Mención de serie Publicaciones de la Universidad Autónoma de Santo Domingo
Designación de volumen o secuencia 828
490 ## - MENCIÓN DE SERIE
Mención de serie Cultura y Sociedad
Designación de volumen o secuencia 3
590 ## - NOTA LOCAL (RLIN)
Nota local Inventariado, 2025/BT
650 #4 - PUNTO DE ACCESO ADICIONAL DE MATERIA--TÉRMINO DE MATERIA
Término de materia o nombre geográfico como elemento de entrada Usos y costumbres
9 (RLIN) 53116
Subdivisión geográfica República Dominicana
-- Santiago
650 #4 - PUNTO DE ACCESO ADICIONAL DE MATERIA--TÉRMINO DE MATERIA
Término de materia o nombre geográfico como elemento de entrada Fiestas folclóricas
9 (RLIN) 3246
Subdivisión geográfica República Dominicana
-- Santiago
650 #4 - PUNTO DE ACCESO ADICIONAL DE MATERIA--TÉRMINO DE MATERIA
Término de materia o nombre geográfico como elemento de entrada Carnavales
Subdivisión geográfica República Dominicana
9 (RLIN) 82559
700 1# - PUNTO DE ACCESO ADICIONAL--NOMBRE DE PERSONA
Nombre de persona Brea, Rafael,
Término indicativo de función/relación autor
Código de función/relación aut.
9 (RLIN) 17721
700 1# - PUNTO DE ACCESO ADICIONAL--NOMBRE DE PERSONA
Nombre de persona Ruiz Vila, Manuel,
Término indicativo de función/relación autor
Código de función/relación aut.
9 (RLIN) 17722
700 1# - PUNTO DE ACCESO ADICIONAL--NOMBRE DE PERSONA
Nombre de persona Veloz Maggiolo, Marcio,
Fechas asociadas al nombre 1936-2021
Término indicativo de función/relación prologuista
Código de función/relación pr.
9 (RLIN) 1104
830 ## - PUNTO DE ACCESO ADICIONAL DE SERIE-TÍTULO UNIFORME
Título uniforme Publicaciones de la Universidad Autónoma de Santo Domingo
Número de parte o sección de la obra 828
Nombre de parte o sección de la obra Colección Cultura y Sociedad
Número de parte o sección de la obra 3
9 (RLIN) 88453
942 ## - ELEMENTOS DE PUNTO DE ACCESO ADICIONAL (KOHA)
Fuente del sistema de clasificación o colocación Dewey Decimal Classification
Tipo de ítem Koha Libro
Holdings
Estado de retiro Estado de pérdida Fuente del sistema de clasificación o colocación Restricciones de uso No para préstamo Código de colección Localización permanente Ubicación/localización actual Ubicación en estantería Fecha de adquisición Total de préstamos Signatura topográfica completa Código de barras Fecha visto por última vez Precio válido a partir de Tipo de ítem Koha Número de copia
    Dewey Decimal Classification Excluido de préstamo   Patrimonio Dominicano Biblioteca Nacional Pedro Henríquez Ureña Biblioteca Nacional Pedro Henríquez Ureña Depósito 28.08.2009   BNPHU PD 394.25729356 B276c 6369-10 25.06.2020 25.06.2020 Libro  
    Dewey Decimal Classification Excluido de préstamo   Patrimonio Dominicano Biblioteca Nacional Pedro Henríquez Ureña Biblioteca Nacional Pedro Henríquez Ureña Depósito 28.08.2009   BNPHU PD 394.25729356 B276c 6369-20 25.06.2020 25.06.2020 Libro e. 2

Powered by Koha